500 Most Common English Words - Statistics

General Stats
  • This quiz has been taken 14,928 times
  • The average score is 202 of 500
Answer Stats
Word % Correct
a
98%
I
97%
the
97%
he
95%
an
94%
be
93%
who
93%
do
92%
no
92%
we
92%
to
91%
you
91%
go
90%
hear
90%
when
90%
me
89%
on
89%
her
88%
in
88%
so
88%
what
87%
she
86%
men
85%
then
85%
where
85%
it
82%
they
82%
why
82%
and
81%
for
81%
is
80%
of
80%
two
80%
by
79%
my
79%
one
79%
your
79%
can
77%
see
77%
are
76%
as
76%
four
76%
ten
76%
that
76%
three
76%
up
76%
five
75%
his
75%
there
75%
us
75%
at
74%
man
74%
six
74%
day
73%
have
73%
their
73%
them
73%
read
72%
this
72%
all
71%
car
71%
how
71%
yes
71%
him
70%
like
70%
love
70%
too
70%
eat
69%
good
69%
or
69%
could
68%
was
68%
am
67%
out
67%
time
67%
will
67%
down
66%
but
65%
ever
65%
say
65%
would
65%
give
64%
more
64%
some
64%
get
63%
house
63%
our
63%
run
63%
take
63%
try
63%
walk
63%
from
61%
should
61%
than
61%
under
61%
with
61%
if
60%
make
60%
over
60%
right
60%
come
59%
here
59%
know
59%
star
59%
think
59%
water
59%
were
59%
work
59%
dog
58%
off
58%
hand
57%
home
57%
live
57%
night
57%
sun
57%
back
56%
big
56%
girl
56%
last
56%
let
56%
red
56%
want
56%
black
55%
boy
55%
did
55%
had
55%
most
55%
year
55%
after
54%
food
54%
free
54%
now
54%
play
54%
white
54%
any
53%
blue
53%
every
53%
eye
53%
first
53%
hundred
53%
just
53%
left
53%
may
53%
mean
53%
word
53%
head
52%
never
52%
old
52%
sea
52%
has
51%
second
51%
small
51%
does
50%
even
50%
green
50%
new
50%
thing
50%
write
50%
best
49%
light
49%
mother
49%
people
49%
plan
49%
sit
49%
talk
49%
these
49%
those
49%
though
49%
use
49%
about
48%
before
48%
close
48%
end
48%
father
48%
feel
48%
sleep
48%
tell
48%
book
47%
drive
47%
got
47%
way
47%
cold
46%
leave
46%
life
46%
put
46%
start
46%
thousand
46%
tree
46%
week
46%
call
45%
far
45%
find
45%
hot
45%
open
45%
said
45%
school
45%
well
45%
city
44%
many
44%
money
44%
much
44%
real
44%
went
44%
which
44%
country
43%
foot
43%
high
43%
list
43%
stand
43%
war
43%
world
43%
ask
42%
done
42%
fly
42%
hour
42%
less
42%
low
42%
name
42%
need
42%
stop
42%
top
42%
been
41%
great
41%
little
41%
sing
41%
watch
41%
long
40%
moon
40%
saw
40%
bed
39%
better
39%
door
39%
friend
39%
learn
39%
made
39%
minute
39%
person
39%
place
39%
road
39%
show
39%
wind
39%
answer
38%
body
38%
face
38%
fast
38%
next
38%
other
38%
short
38%
very
38%
yet
38%
also
37%
always
37%
came
37%
earth
37%
fall
37%
listen
37%
might
37%
only
37%
rain
37%
stay
37%
teach
37%
begin
36%
help
36%
late
36%
must
36%
through
36%
took
36%
young
36%
dark
35%
don't
35%
hold
35%
keep
35%
near
35%
plain
35%
plane
35%
side
35%
slow
35%
cry
34%
fire
34%
hard
34%
part
34%
same
34%
thought
34%
again
33%
air
33%
animal
33%
bring
33%
family
33%
gave
33%
move
33%
nothing
33%
town
33%
wait
33%
care
32%
children
32%
east
32%
number
32%
ran
32%
room
32%
add
31%
front
31%
game
31%
land
31%
turn
31%
above
30%
grow
30%
knew
30%
lay
30%
lot
30%
mind
30%
morning
30%
pull
30%
set
30%
street
30%
west
30%
act
29%
kind
29%
music
29%
north
29%
south
29%
state
29%
table
29%
build
28%
cause
28%
change
28%
feet
28%
large
28%
question
28%
song
28%
bird
27%
cut
27%
each
27%
once
27%
own
27%
still
27%
told
27%
warm
27%
few
26%
found
26%
ground
26%
letter
26%
line
26%
miss
26%
paper
26%
rest
26%
seem
26%
soon
26%
true
26%
common
25%
fish
25%
full
25%
laugh
25%
pass
25%
plant
25%
while
25%
behind
24%
form
24%
lead
24%
river
24%
together
24%
travel
24%
until
24%
age
23%
between
23%
draw
23%
dry
23%
early
23%
king
23%
sound
23%
sure
23%
fill
22%
fine
22%
heard
22%
horse
22%
round
22%
snow
22%
study
22%
both
21%
carry
21%
color
21%
differ
21%
happen
21%
note
21%
often
21%
quick
21%
remember
21%
self
21%
test
21%
able
20%
point
20%
since
20%
whole
20%
wood
20%
boat
19%
follow
19%
language
19%
oh
19%
gold
18%
order
18%
ready
18%
ship
18%
step
18%
such
18%
against
17%
brought
17%
check
17%
class
17%
clear
17%
heat
17%
main
17%
mark
17%
mountain
17%
picture
17%
story
17%
wonder
17%
enough
16%
half
16%
map
16%
power
16%
reach
16%
rock
16%
strong
16%
ago
15%
cover
15%
fact
15%
farm
15%
idea
15%
decide
14%
deep
14%
group
14%
mile
14%
page
14%
piece
14%
unit
14%
base
13%
cross
13%
final
13%
sentence
13%
shape
13%
toward
13%
usual
13%
among
12%
area
12%
box
12%
course
12%
force
12%
problem
12%
rule
12%
stood
12%
center
11%
field
11%
port
11%
possible
11%
pound
11%
press
11%
simple
11%
size
11%
weight
11%
wheel
11%
appear
10%
began
10%
correct
10%
direct
10%
during
10%
inch
10%
notice
10%
spell
10%
voice
10%
beauty
9%
busy
9%
complete
9%
figure
9%
govern
9%
perhaps
9%
science
9%
certain
8%
ease
8%
interest
8%
island
8%
serve
8%
special
8%
develop
7%
example
7%
machine
7%
noun
7%
numeral
7%
produce
7%
product
7%
record
7%
several
7%
tail
7%
contain
6%
measure
6%
object
6%
pose
5%
surface
5%
vowel
5%
pattern
4%
No matching quizzes found
Score Distribution
Percent of People with Each Score
Percentile by Number Answered
Your Score History
You have not taken this quiz